[Event "FIDE World Cup 2023"]
[Site "Baku AZE"]
[Date "2023.07.31"]
[Round "1.2"]
[White "Lagarde, Maxime"]
[Black "Santiago, Yago De Moura"]
[Result "1-0"]
[WhiteTitle "GM"]
[BlackTitle "GM"]
[WhiteElo "2599"]
[BlackElo "2481"]
[WhiteFideId "662399"]
[BlackFideId "2103877"]
[EventDate "2023.07.30"]
[EventType "k.o."]

1. e4 e6 2. d4 d5 3. Nd2 c5 4. Ngf3 Nc6 5. exd5 exd5 6. Bb5 Qe7+ 7. Be2 Qc7 8.
O-O Nf6 9. Re1 Be7 10. dxc5 Bxc5 11. Bb5+ Be6 12. Nb3 Bb6 13. Be3 O-O 14. h3 Ne4
15. c3 Rfe8 16. a4 a6 17. Bd3 Rad8 18. Nfd4 Bc8 19. Qc2 Ne5 20. a5 Ba7 21. Nb5
axb5 22. Bxa7 Nxd3 23. Qxd3 Qc4 24. Qxc4 bxc4 25. Nd4 Bd7 26. Red1 Ra8 27. Bb6
Nf6 28. f3 h5 29. h4 Kh7 30. Kf2 Ra6 31. Nc2 Be6 32. Nb4 Raa8 33. Be3 Rec8 34.
Kg3 Kg6 35. Kf4 Rc7 36. Bd4 Nd7 37. Bb6 Nxb6 38. axb6 Rxa1 39. Rxa1 Rc5 40. Ra7
d4 41. Rxb7 d3 42. Rb8 Rb5 43. Ke3 Re5+ 44. Kd2 Re2+ 45. Kd1 Bd7 46. Ra8 Rxg2
47. b7 Rg1+ 48. Kd2 Rg2+ 49. Ke1 Rg1+ 50. Kf2 d2 51. Ra6+ 1-0

[Event "FIDE World Cup 2023"]
[Site "Baku AZE"]
[Date "2023.07.31"]
[Round "1.2"]
[White "Gadimbayli, Abdulla"]
[Black "Vokhidov, Shamsiddin"]
[Result "1/2-1/2"]
[WhiteTitle "GM"]
[BlackTitle "GM"]
[WhiteElo "2483"]
[BlackElo "2597"]
[WhiteFideId "13404938"]
[BlackFideId "14204223"]
[EventDate "2023.07.30"]
[EventType "k.o."]

1. e4 e5 2. Nf3 Nc6 3. Bc4 Bc5 4. c3 Nf6 5. d4 exd4 6. cxd4 Bb4+ 7. Nbd2 d5 8.
exd5 Nxd5 9. O-O O-O 10. a3 Bxd2 11. Bxd2 Bg4 12. h3 Bh5 13. Re1 Qd6 14. g4 Bg6
15. Qb3 Rad8 16. Rac1 Nb6 17. Bb5 Rfe8 18. Rxe8+ Rxe8 19. Bb4 Qf4 20. Bd2 Qd6
21. Bb4 Qf4 22. Bd2 Qd6 23. Bb4 1/2-1/2

[Event "FIDE World Cup 2023"]
[Site "Baku AZE"]
[Date "2023.07.31"]
[Round "1.2"]
[White "Piorun, Kacper"]
[Black "Acosta, Pablo Ismael"]
[Result "1/2-1/2"]
[WhiteTitle "GM"]
[BlackTitle "IM"]
[WhiteElo "2597"]
[BlackElo "2485"]
[WhiteFideId "1130420"]
[BlackFideId "124311"]
[EventDate "2023.07.30"]
[EventType "k.o."]

1. Nf3 Nf6 2. g3 c5 3. Bg2 g6 4. c4 Bg7 5. d4 cxd4 6. Nxd4 d5 7. O-O O-O 8. Na3
Nc6 9. cxd5 Nxd5 10. Nxc6 bxc6 11. Qa4 Qb6 12. e4 Nc7 13. Bg5 Qa6 14. Qc2 Re8
15. e5 Bb7 16. Nc4 c5 17. Rfd1 Bxg2 18. Kxg2 Qc6+ 19. f3 Ne6 20. Be3 Red8 21.
Rac1 Rac8 22. b3 f6 23. exf6 Bxf6 24. Qe4 Qxe4 25. fxe4 Bd4 26. Kf3 Rc6 27. Ke2
Ra6 28. Rc2 Rf8 29. e5 Rf5 30. Rcd2 h5 31. Bxd4 Nxd4+ 32. Ke3 Kf7 33. Rg2 Ke6
34. Rdd2 Nf3 35. g4 hxg4 36. Rxg4 Nxd2 37. Rxg6+ Rf6 38. exf6 Nxc4+ 39. bxc4
exf6 40. Rg7 Rxa2 41. Rc7 Kd6 42. Rf7 Ke5 43. Re7+ Kf5 44. Rc7 Ra3+ 45. Kf2 Ke4
46. Rxc5 f5 47. h4 Ra2+ 48. Kg1 Ra1+ 49. Kf2 Ra2+ 50. Kg1 Ra1+ 1/2-1/2

[Event "FIDE World Cup 2023"]
[Site "Baku AZE"]
[Date "2023.07.31"]
[Round "1.2"]
[White "Barbosa, Evandro Amorim"]
[Black "Adly, Ahmed"]
[Result "0-1"]
[WhiteTitle "GM"]
[BlackTitle "GM"]
[WhiteElo "2493"]
[BlackElo "2596"]
[WhiteFideId "2115824"]
[BlackFideId "10601619"]
[EventDate "2023.07.30"]
[EventType "k.o."]

1. e4 c6 2. d4 d5 3. e5 Bf5 4. h4 h5 5. Bg5 Qa5+ 6. c3 e6 7. Nd2 Qb6 8. b4 Nd7
9. Be2 f6 10. Be3 a5 11. a3 axb4 12. axb4 Rxa1 13. Qxa1 Qc7 14. Ngf3 Nh6 15. Bf4
Kf7 16. Qa8 Ng4 17. Bg3 fxe5 18. Ng5+ Ke7 19. O-O g6 20. Re1 Bg7 21. Qa3 Bf6 22.
b5+ c5 23. Bxg4 hxg4 24. Nb3 Rc8 25. Nh7 Bg7 26. dxc5 Nxc5 27. Nd4 Kd7 28. Ng5
Nd3 29. b6 Qxc3 30. Qa4+ Ke7 31. Nxf5+ gxf5 32. Rd1 f4 33. Rxd3 Qxd3 34. Qb4+
Kd7 35. Qa4+ Rc6 36. Qa8 Rxb6 37. Qg8 fxg3 38. Qf7+ Kc6 39. Qxe6+ Kc5 40. Qe7+
Kc4 41. fxg3 Rb1+ 42. Kh2 Qf1 0-1

[Event "FIDE World Cup 2023"]
[Site "Baku AZE"]
[Date "2023.07.31"]
[Round "1.2"]
[White "Smirin, Ilia"]
[Black "Avila Pavas, Santiago"]
[Result "1-0"]
[WhiteTitle "GM"]
[BlackTitle "GM"]
[WhiteElo "2595"]
[BlackElo "2499"]
[WhiteFideId "2801990"]
[BlackFideId "4437128"]
[EventDate "2023.07.30"]
[EventType "k.o."]

1. c4 e6 2. Nc3 d5 3. d4 a6 4. cxd5 exd5 5. Bf4 Nf6 6. e3 Bd6 7. Bg5 Be6 8. Bd3
Nbd7 9. f4 h6 10. Bh4 g5 11. fxg5 hxg5 12. Bxg5 Rxh2 13. Rxh2 Bxh2 14. Nge2 Bd6
15. Nf4 Bg4 16. Qb3 Be7 17. Qxb7 Rb8 18. Qxa6 Ne4 19. Bxe4 Bxg5 20. Nfxd5 Rxb2
21. Kf1 Bxe3 22. Nxe3 Qh4 23. Qc8+ Ke7 24. Ncd5+ Ke6 25. Qe8+ Kd6 26. Nc4+ Kc6
27. Nc3# 1-0

[Event "FIDE World Cup 2023"]
[Site "Baku AZE"]
[Date "2023.07.31"]
[Round "1.2"]
[White "Suleymenov, Alisher"]
[Black "Albornoz Cabrera, Carlos Daniel"]
[Result "1/2-1/2"]
[WhiteTitle "IM"]
[BlackTitle "GM"]
[WhiteElo "2499"]
[BlackElo "2591"]
[WhiteFideId "13707833"]
[BlackFideId "3518736"]
[EventDate "2023.07.30"]
[EventType "k.o."]

1. d4 Nf6 2. c4 e6 3. Nf3 d5 4. g3 dxc4 5. Bg2 Bb4+ 6. Bd2 a5 7. O-O O-O 8. a3
Bxd2 9. Nbxd2 b5 10. b3 cxb3 11. Qxb3 c6 12. Rfc1 Bd7 13. Ne5 Nd5 14. Rc2 Be8
15. Ne4 Qe7 16. Rac1 a4 17. Qb2 f6 18. Nd3 Na6 19. Nec5 Nac7 20. Ne4 Rb8 21. Nd2
Na6 22. Nc5 Nxc5 23. Rxc5 Bd7 24. e4 Nc7 25. e5 Na6 26. exf6 Qxf6 27. Ne4 Qe7
28. Re5 Rf5 29. Rd1 Nc7 30. Nc5 Rxe5 31. dxe5 Nd5 32. Nxa4 Ra8 33. Bxd5 cxd5 34.
Nb6 Rb8 35. Nxd7 Qxd7 36. Rd4 Rc8 37. Rb4 Rc5 38. Qd4 Qc6 39. Qh4 h6 40. Qd8+
Kh7 41. Qd6 Qxd6 42. exd6 Rc6 43. d7 Rd6 44. Rxb5 Rxd7 45. Rb6 Re7 46. a4 Ra7
47. Rxe6 Rxa4 48. Rd6 Rd4 49. h4 h5 50. Kf1 Kg8 51. Ke2 Kf7 52. Ke3 Re4+ 53. Kd3
Re5 54. f4 Re1 55. Rxd5 g6 56. Re5 Rg1 57. Re3 Kf6 58. Ke4 Ra1 59. Rd3 Re1+ 60.
Kf3 Re6 61. Rd5 Ra6 62. Ke4 Ra4+ 63. Rd4 Ra6 64. Rd3 Re6+ 65. Kd4 Re1 66. Re3
Rd1+ 67. Kc5 Kf5 68. Re5+ Kf6 69. Rg5 Rd3 70. Kc6 Kf7 71. Kc5 Kf6 72. Kc4 Ra3
73. Kd4 Rb3 74. Ke4 Ra3 75. f5 gxf5+ 76. Rxf5+ Kg6 77. Rg5+ Kh6 78. Kf4 Ra4+ 79.
Kf3 Ra3+ 80. Kg2 Ra2+ 81. Kh3 Ra6 82. Rb5 Rc6 83. Kg2 Rc3 84. Kf2 Ra3 85. Rb6+
Kg7 86. Re6 Rb3 87. Re3 Rb1 88. Kf3 Rf1+ 89. Ke4 Kg6 90. Ra3 Re1+ 91. Kf4 Rf1+
92. Rf3 Rxf3+ 93. Kxf3 Kf5 94. Kf2 Ke5 95. Ke3 Kf5 96. Kf3 Ke5 97. g4 hxg4+ 98.
Kxg4 Kf6 99. Kh5 Kg7 100. Kg5 Kh8 101. Kg6 Kg8 102. h5 Kh8 103. h6 Kg8 104. h7+
Kh8 105. Kh6 1/2-1/2

[Event "FIDE World Cup 2023"]
[Site "Baku AZE"]
[Date "2023.07.31"]
[Round "1.2"]
[White "Ivic, Velimir"]
[Black "Gurel, Ediz"]
[Result "1-0"]
[WhiteTitle "GM"]
[BlackTitle "IM"]
[WhiteElo "2590"]
[BlackElo "2500"]
[WhiteFideId "950122"]
[BlackFideId "44507356"]
[EventDate "2023.07.30"]
[EventType "k.o."]

1. e4 c6 2. d4 d5 3. e5 Bf5 4. h4 h5 5. c4 e6 6. Nc3 dxc4 7. Bxc4 Nd7 8. Bb3 Be7
9. Bc2 Bxc2 10. Qxc2 Nh6 11. Bxh6 Rxh6 12. Nf3 Nb6 13. g3 Nd5 14. O-O Kf8 15.
Ne4 g6 16. a3 Kg7 17. Rfd1 Rc8 18. Rac1 Rh8 19. Rd3 Rc7 20. Nfd2 b6 21. Qd1 c5
22. dxc5 Bxc5 23. Nxc5 Rxc5 24. Rxc5 bxc5 25. Nc4 Qa8 26. Nd6 Rf8 27. Qc2 Rb8
28. Rf3 f5 29. exf6+ Nxf6 30. Qc3 e5 31. Rd3 c4 32. Qxc4 Rf8 33. Rb3 Qd5 34.
Rb7+ Kg8 35. Qxd5+ Nxd5 36. Rxa7 Rf3 37. b4 Rb3 38. Ne4 1-0

[Event "FIDE World Cup 2023"]
[Site "Baku AZE"]
[Date "2023.07.31"]
[Round "1.2"]
[White "Paichadze, Luka"]
[Black "Jumabayev, Rinat"]
[Result "1-0"]
[WhiteTitle "GM"]
[BlackTitle "GM"]
[WhiteElo "2501"]
[BlackElo "2589"]
[WhiteFideId "13602934"]
[BlackFideId "13702661"]
[EventDate "2023.07.30"]
[EventType "k.o."]

1. e4 c5 2. Nf3 d6 3. d4 cxd4 4. Qxd4 Nc6 5. Bb5 Bd7 6. Qd3 g6 7. O-O Bg7 8. c4
Nf6 9. Nc3 O-O 10. h3 a6 11. Bxc6 Bxc6 12. Nd4 Qb6 13. Rd1 Nd7 14. Qe3 e6 15. b3
Rfe8 16. Nxc6 Qxc6 17. Ba3 d5 18. exd5 exd5 19. Qc1 dxc4 20. Rd6 Qc8 21. Nd5 c3
22. Qg5 Kh8 23. Rc1 Nc5 24. Rxc3 Re1+ 25. Kh2 Re5 26. Qc1 Rxd5 27. Rxd5 Qb8+ 28.
g3 Ne4 29. Rc7 Nxf2 30. Rdc5 1-0

[Event "FIDE World Cup 2023"]
[Site "Baku AZE"]
[Date "2023.07.31"]
[Round "1.2"]
[White "Azarov, Sergei"]
[Black "Megaranto, Susanto"]
[Result "1-0"]
[WhiteTitle "GM"]
[BlackTitle "GM"]
[WhiteElo "2589"]
[BlackElo "2505"]
[WhiteFideId "13501470"]
[BlackFideId "7101384"]
[EventDate "2023.07.30"]
[EventType "k.o."]

1. e4 c6 2. d4 d5 3. e5 Bf5 4. Nc3 e6 5. g4 Bg6 6. Nge2 c5 7. h4 h5 8. Nf4 Bh7
9. Nxh5 cxd4 10. Nb5 Nc6 11. Nxd4 Nxd4 12. Qxd4 Ne7 13. Bb5+ Nc6 14. Qa4 Qc7 15.
Be3 a6 16. c3 Rb8 17. Be2 b5 18. Qf4 Be4 19. Rh3 Qxe5 20. Qxe5 Nxe5 21. Bd4 f6
22. g5 Nd3+ 23. Rxd3 Bxd3 24. Bxd3 Kf7 25. Be2 e5 26. Be3 Kg6 27. f4 Re8 28. f5+
Kxf5 29. Ng3+ Ke6 30. Bg4+ Kf7 31. h5 d4 32. g6+ Kg8 33. Bd7 dxe3 34. Bxe8 Bc5
35. Rd1 Kf8 36. Bf7 1-0

[Event "FIDE World Cup 2023"]
[Site "Baku AZE"]
[Date "2023.07.31"]
[Round "1.2"]
[White "Schitco, Ivan"]
[Black "Mamedov, Nidjat"]
[Result "1-0"]
[WhiteTitle "GM"]
[BlackTitle "GM"]
[WhiteElo "2507"]
[BlackElo "2589"]
[WhiteFideId "13905465"]
[BlackFideId "13400819"]
[EventDate "2023.07.30"]
[EventType "k.o."]

1. c4 e5 2. Nc3 Nf6 3. Nf3 Nc6 4. g3 d5 5. cxd5 Nxd5 6. Bg2 Nb6 7. O-O Be7 8. b3
O-O 9. Bb2 Re8 10. Rc1 Bf8 11. Ne4 Nd4 12. Nxd4 exd4 13. e3 dxe3 14. fxe3 Be6
15. Qh5 h6 16. Rf2 Nd5 17. Rcf1 Qe7 18. g4 f6 19. g5 fxg5 20. Qg6 c6 21. Nd6 Nf4
22. exf4 Qxd6 23. fxg5 1-0

[Event "FIDE World Cup 2023"]
[Site "Baku AZE"]
[Date "2023.07.31"]
[Round "1.2"]
[White "Adhiban, Baskaran"]
[Black "Henderson de La Fuente, Lance"]
[Result "1/2-1/2"]
[WhiteTitle "GM"]
[BlackTitle "GM"]
[WhiteElo "2587"]
[BlackElo "2517"]
[WhiteFideId "5018471"]
[BlackFideId "32096585"]
[EventDate "2023.07.30"]
[EventType "k.o."]

1. d4 d5 2. c4 e6 3. Nf3 c6 4. e3 Nf6 5. Nc3 Nbd7 6. Bd3 Bd6 7. e4 dxe4 8. Nxe4
Nxe4 9. Bxe4 O-O 10. O-O c5 11. Re1 cxd4 12. Qxd4 Bc5 13. Qd2 Nf6 14. Bc2 b6 15.
Qe2 Bb7 16. Bg5 Qc7 17. Bxf6 gxf6 18. Be4 Rad8 19. Bxb7 Qxb7 20. Rad1 Bb4 21.
Rf1 Bc5 22. Rfe1 Bb4 23. Rf1 Bc5 24. b3 Rfe8 25. Rfe1 Bb4 26. Rf1 Bc5 27. h3 Qc7
28. Qe4 Rxd1 29. Rxd1 Rd8 30. Rxd8+ Qxd8 31. g4 Kg7 32. Kg2 Qd1 33. Qe1 Qc2 34.
Qd2 Qe4 35. b4 Be7 36. Qc3 Kg8 37. a3 a5 38. bxa5 bxa5 39. Qxa5 Qxc4 40. a4 Kg7
41. Qb5 Qc2 42. Nd4 Qe4+ 43. Nf3 Qc2 44. Nd4 Qe4+ 45. Nf3 1/2-1/2

[Event "FIDE World Cup 2023"]
[Site "Baku AZE"]
[Date "2023.07.31"]
[Round "1.2"]
[White "Blohberger, Felix"]
[Black "Mastrovasilis, Dimitrios"]
[Result "1-0"]
[WhiteTitle "GM"]
[BlackTitle "GM"]
[WhiteElo "2522"]
[BlackElo "2587"]
[WhiteFideId "1632051"]
[BlackFideId "4202694"]
[EventDate "2023.07.30"]
[EventType "k.o."]

1. e4 c5 2. Nf3 e6 3. d4 cxd4 4. Nxd4 Nf6 5. Nc3 Nc6 6. Nxc6 bxc6 7. e5 Nd5 8.
Ne4 Qc7 9. f4 Qb6 10. c4 Bb4+ 11. Ke2 f5 12. Nf2 Ba6 13. Kf3 Ne7 14. Be3 Bc5 15.
Bxc5 Qxc5 16. Qd6 Qb6 17. b3 c5 18. Rd1 Bb7+ 19. Kg3 Kf7 20. h4 Rhd8 21. Rh3 Nc8
22. Qd2 d5 23. cxd5 Rxd5 24. Qc1 Ne7 25. Kh2 Rad8 26. Rxd5 Rxd5 27. Rc3 Ba6 28.
Bxa6 Qxa6 29. Qc2 Qa5 30. Nd3 Qd8 31. Qe2 Ng6 32. g3 Kg8 33. Kh3 Rd4 34. Qf3 c4
35. bxc4 Qa5 36. Rb3 Rxc4 37. Qa8+ Kf7 38. h5 Nf8 39. Rb8 Qa3 40. Rb7+ Kg8 41.
Qe8 1-0

[Event "FIDE World Cup 2023"]
[Site "Baku AZE"]
[Date "2023.07.31"]
[Round "1.2"]
[White "Suleymanli, Aydin"]
[Black "Xu, Yinglun"]
[Result "1/2-1/2"]
[WhiteTitle "GM"]
[BlackTitle "GM"]
[WhiteElo "2586"]
[BlackElo "2531"]
[WhiteFideId "13413937"]
[BlackFideId "8604940"]
[EventDate "2023.07.30"]
[EventType "k.o."]

1. e4 e5 2. Nf3 Nc6 3. Bb5 a6 4. Ba4 Nf6 5. O-O Nxe4 6. d4 b5 7. Bb3 d5 8. dxe5
Be6 9. Nbd2 Nc5 10. c3 Be7 11. Bc2 d4 12. Nb3 d3 13. Bb1 Nxb3 14. axb3 Bf5 15.
Be3 O-O 16. Bd4 Qd5 17. Re1 b4 18. Re3 bxc3 19. bxc3 Rfb8 20. b4 a5 21. bxa5
Rxa5 22. Bxd3 Bxd3 23. Rxd3 Qe4 24. Rc1 h6 25. Qf1 Qf5 26. Re1 Qe6 27. h3 Rab5
28. Rdd1 Rd5 29. Ra1 Qd7 30. Qc4 Nd8 31. Ra7 Ne6 32. Rea1 Qb5 33. Qa2 Rdd8 34.
Be3 Qb3 35. Nd4 Qxa2 36. R1xa2 Bc5 37. Nxe6 Bxa7 38. Nxd8 Bxe3 39. Nc6 Rb1+ 40.
Kh2 Bc5 41. Rc2 Re1 42. Kg3 g5 43. f3 Kg7 44. h4 f5 45. exf6+ Kxf6 46. hxg5+
hxg5 47. Kg4 Ra1 48. Re2 Bd6 49. Nb4 Rd1 50. Re3 Rd2 51. g3 Rd1 52. Rd3 Rg1 53.
Nd5+ Ke6 54. f4 gxf4 55. Nxf4+ Kf6 56. Rf3 Ke5 57. Re3+ Kf6 58. Nd5+ Kg6 59.
Ne7+ Kf6 60. Nf5 Be5 61. c4 Rc1 62. Re4 Rg1 63. Re2 Rc1 64. Ne3 Bd6 65. Nd5+ Kf7
66. Re4 Rg1 67. Nf4 Kf6 68. Ne2 Ra1 69. Nc3 Rg1 70. Re3 Kg6 71. Nb5 Rd1 72. Nxd6
cxd6 73. Kf4 Kf6 74. Ke4 Rc1 75. Kd4 Rg1 76. Rc3 Kf5 77. Re3 Kf6 78. Rf3+ Ke6
79. Re3+ Kf6 80. Kd5 Rd1+ 81. Ke4 Rc1 82. Kd4 Rg1 83. Rc3 Kf5 84. g4+ Kxg4 85.
Rd3 Kf4 86. Rd2 Kf3 87. Kc3 Rc1+ 88. Kb4 Rb1+ 89. Ka5 Rc1 90. Kb5 Rb1+ 91. Kc6
Rc1 92. Rd4 Ke3 93. Rh4 Kd3 94. Kd5 Kc3 95. Kxd6 Kb4 96. Kd5 Rg1 97. c5+ Kb5 98.
c6 Rd1+ 99. Rd4 Rxd4+ 100. Kxd4 Kxc6 1/2-1/2

[Event "FIDE World Cup 2023"]
[Site "Baku AZE"]
[Date "2023.07.31"]
[Round "1.2"]
[White "Kourkoulos-Arditis, Stamatis"]
[Black "Fridman, Daniel"]
[Result "0-1"]
[WhiteTitle "IM"]
[BlackTitle "GM"]
[WhiteElo "2531"]
[BlackElo "2586"]
[WhiteFideId "4221990"]
[BlackFideId "11600454"]
[EventDate "2023.07.30"]
[EventType "k.o."]

1. e4 e5 2. Nf3 Nf6 3. d4 Nxe4 4. Bd3 d5 5. Nxe5 Nd7 6. Nxd7 Bxd7 7. O-O Bd6 8.
Nc3 Nxc3 9. bxc3 O-O 10. Qh5 f5 11. Re1 c6 12. a4 Re8 13. Bg5 Rxe1+ 14. Rxe1 Qf8
15. c4 Re8 16. Rxe8 Bxe8 17. Qh3 dxc4 18. Bxf5 h6 19. Be3 Bf7 20. g4 Qe8 21. g5
h5 22. Bc8 Qe4 23. Bf5 Qe8 24. Bc8 Bd5 25. Qf5 g6 26. Bd7 Qf7 27. Qxf7+ Kxf7 28.
Bc8 b5 29. axb5 cxb5 30. Ba6 b4 31. h4 Ke6 32. Kf1 Kf5 33. Bc8+ Be6 34. Bb7 Kg4
35. Be4 Bf7 36. Kg2 a5 37. Bc6 Be6 38. d5 Bf5 39. f3+ Kxh4 40. Ba4 Bh3+ 41. Kf2
Bc8 42. Bb6 Kxg5 43. Bxa5 Bf5 44. Bb6 Kf4 45. Bd4 h4 46. Kg2 h3+ 47. Kf2 h2 48.
Kg2 h1=Q+ 49. Kxh1 Kxf3 50. Bb5 0-1

[Event "FIDE World Cup 2023"]
[Site "Baku AZE"]
[Date "2023.07.31"]
[Round "1.2"]
[White "Sanal, Vahap"]
[Black "Kozul, Zdenko"]
[Result "0-1"]
[WhiteTitle "GM"]
[BlackTitle "GM"]
[WhiteElo "2585"]
[BlackElo "2532"]
[WhiteFideId "6300545"]
[BlackFideId "14502879"]
[EventDate "2023.07.30"]
[EventType "k.o."]

1. e4 c5 2. Nf3 d6 3. d4 cxd4 4. Nxd4 Nf6 5. Nc3 a6 6. Bg5 Nbd7 7. Qe2 Qc7 8.
O-O-O h6 9. Bxf6 Nxf6 10. e5 dxe5 11. Ndb5 axb5 12. Nxb5 Qb8 13. Qc4 Bd7 14.
Nc7+ Kd8 15. Nxa8 Qxa8 16. Qxf7 Kc7 17. Rxd7+ Nxd7 18. Bb5 Nf6 19. Qc4+ Kb8 20.
Qc3 Qxa2 21. Qxe5+ Ka8 22. Rd1 Qa1+ 23. Kd2 Qa5+ 24. Ke2 e6 25. c4 Bb4 26. Qxe6
Rd8 27. g3 Rxd1 28. Kxd1 Qd8+ 29. Kc2 Bc5 30. f4 Qd4 31. Bc6 Kb8 32. Bf3 Qf2+
33. Be2 Qe3 34. Qxe3 Bxe3 35. f5 Kc7 0-1

[Event "FIDE World Cup 2023"]
[Site "Baku AZE"]
[Date "2023.07.31"]
[Round "1.2"]
[White "Fawzy, Adham"]
[Black "Supi, Luis Paulo"]
[Result "1/2-1/2"]
[WhiteTitle "GM"]
[BlackTitle "GM"]
[WhiteElo "2533"]
[BlackElo "2582"]
[WhiteFideId "10613129"]
[BlackFideId "2106388"]
[EventDate "2023.07.30"]
[EventType "k.o."]

1. e4 c5 2. Nf3 Nc6 3. Bb5 e6 4. Bxc6 bxc6 5. e5 f6 6. Nh4 Nh6 7. d3 fxe5 8.
Qh5+ Nf7 9. Nf3 g6 10. Qg4 Qf6 11. Nc3 d5 12. h4 h6 13. Qa4 Bd7 14. Qa5 Bd6 15.
Be3 Qd8 16. Qxd8+ Rxd8 17. Bd2 O-O 18. b3 Kh7 19. O-O Rg8 20. Nh2 Be7 21. f4
exf4 22. Rxf4 Rgf8 23. Raf1 Kg7 24. Ra4 Ra8 25. Ra5 Bd8 26. Na4 Bxa5 27. Bxa5
Nd6 28. Nxc5 Rxf1+ 29. Kxf1 Rf8+ 30. Kg1 Bc8 31. Bc3+ Kf7 32. Ng4 Ke8 33. Ne5
Nf5 34. Bd2 g5 35. hxg5 hxg5 36. g4 Nd4 37. Kg2 Nxc2 38. Bxg5 Nb4 39. Bh6 Rg8
40. Kg3 Na6 41. Nxa6 Bxa6 42. b4 Bb5 43. g5 Ke7 44. d4 a6 45. Kf4 Ba4 46. g6 Kf6
47. g7 Bd1 48. Nxc6 Re8 49. Ne5 Rc8 50. Nd7+ Kg6 51. Nf8+ Kf7 52. Ke5 Rc2 53.
Nxe6 Rxa2 54. Nd8+ Kg8 55. Nc6 Kh7 56. Ne7 Re2+ 57. Kd6 Rxe7 58. Kxe7 Kg8 59.
Kf6 Bb3 1/2-1/2

[Event "FIDE World Cup 2023"]
[Site "Baku AZE"]
[Date "2023.07.31"]
[Round "1.2"]
[White "Michalik, Peter"]
[Black "Ivanisevic, Ivan"]
[Result "0-1"]
[WhiteTitle "GM"]
[BlackTitle "GM"]
[WhiteElo "2582"]
[BlackElo "2536"]
[WhiteFideId "14907526"]
[BlackFideId "912417"]
[EventDate "2023.07.30"]
[EventType "k.o."]

1. d4 d5 2. c4 e6 3. Nf3 h6 4. g3 Nf6 5. Bg2 Bd6 6. O-O O-O 7. Nc3 Nc6 8. b3 Re8
9. Nb5 a6 10. Nxd6 cxd6 11. Bb2 b5 12. Nd2 Rb8 13. Bc3 bxc4 14. bxc4 Ne7 15. Qa4
Qd7 16. Qa3 Bb7 17. Rab1 dxc4 18. Rxb7 Rxb7 19. Bxb7 Qxb7 20. Nxc4 Nf5 21. Nxd6
Nxd6 22. Qxd6 Rc8 23. Qa3 Qe4 24. Re1 Nd5 25. Ba1 Rc2 26. Qxa6 h5 27. h4 f5 28.
Qa4 Kh7 29. Qe8 Nf6 30. Qb5 f4 31. d5 fxg3 32. Bxf6 gxf2+ 33. Kxf2 gxf6 34. Qd7+
Kh6 35. Qxe6 Qf4+ 36. Kg2 Rc7 37. Qh3 Rg7+ 38. Kh1 Rg3 0-1

[Event "FIDE World Cup 2023"]
[Site "Baku AZE"]
[Date "2023.07.31"]
[Round "1.2"]
[White "Cordova, Emilio"]
[Black "Gareyev, Timur"]
[Result "1-0"]
[WhiteTitle "GM"]
[BlackTitle "GM"]
[WhiteElo "2542"]
[BlackElo "2581"]
[WhiteFideId "3801497"]
[BlackFideId "14200937"]
[EventDate "2023.07.30"]
[EventType "k.o."]

1. Nf3 g6 2. g3 Bg7 3. d4 c5 4. c3 Qa5 5. Bg2 cxd4 6. Nxd4 Nf6 7. a4 d5 8. O-O
O-O 9. Bg5 Nbd7 10. Qc1 e5 11. b4 Qb6 12. a5 Qa6 13. b5 Qd6 14. Nc2 Ne4 15. Be3
f5 16. Rd1 Qe6 17. Nb4 f4 18. gxf4 exf4 19. Bxf4 Ndf6 20. f3 Nd6 21. Qe3 Nxb5
22. Qxe6+ Bxe6 23. Be5 Rac8 24. a6 b6 25. Bxf6 Rxf6 26. Nxd5 Rf7 27. Ra4 Rc5 28.
f4 Kf8 29. c4 Nd4 30. e3 Nf5 31. Na3 Bh6 32. Kf2 Nh4 33. Nb5 g5 34. Nd6 Rd7 35.
Nxb6 gxf4 36. exf4 Nxg2 37. Nxd7+ Bxd7 38. Rb4 Nxf4 39. Rb8+ Ke7 40. Rb7 Nh3+
41. Kf1 Rc6 42. Rxa7 1-0

[Event "FIDE World Cup 2023"]
[Site "Baku AZE"]
[Date "2023.07.31"]
[Round "1.2"]
[White "Kuybokarov, Temur"]
[Black "Bernadskiy, Vitaliy"]
[Result "1-0"]
[WhiteTitle "GM"]
[BlackTitle "GM"]
[WhiteElo "2581"]
[BlackElo "2545"]
[WhiteFideId "14203049"]
[BlackFideId "14100371"]
[EventDate "2023.07.30"]
[EventType "k.o."]

1. e4 c6 2. d4 d5 3. e5 Bf5 4. Nf3 e6 5. Be2 Ne7 6. O-O c5 7. c4 Nbc6 8. Nc3
dxc4 9. Bg5 a6 10. Nd2 Qxd4 11. Qa4 Rb8 12. Nxc4 b5 13. Qxa6 bxc4 14. Nb5 Qxb2
15. Bxc4 f6 16. Nd6+ Kd7 17. Rad1 Kc7 18. exf6 gxf6 19. Bc1 Qc3 20. Bd2 Qb2 21.
Nb5+ 1-0

[Event "FIDE World Cup 2023"]
[Site "Baku AZE"]
[Date "2023.07.31"]
[Round "1.2"]
[White "Muradli, Mahammad"]
[Black "Daneshvar, Bardiya"]
[Result "1/2-1/2"]
[WhiteTitle "GM"]
[BlackTitle "GM"]
[WhiteElo "2546"]
[BlackElo "2577"]
[WhiteFideId "13409301"]
[BlackFideId "12576468"]
[EventDate "2023.07.30"]
[EventType "k.o."]

1. d4 d5 2. c4 e6 3. Nf3 Nf6 4. g3 Bb4+ 5. Bd2 Be7 6. Bg2 O-O 7. O-O c6 8. Qc2
b6 9. Bf4 Bb7 10. Rd1 Nbd7 11. Ne5 Nh5 12. Bd2 Nhf6 13. cxd5 cxd5 14. Nc6 Bxc6
15. Qxc6 Rc8 16. Qb5 Ne8 17. Qd3 Nd6 18. b3 Nf6 19. Nc3 Qd7 20. f3 Nf5 21. e3
Rfd8 22. Be1 g6 23. Ne2 Bf8 24. h3 Qe8 25. g4 Nd6 26. a4 Nd7 27. Bh4 Be7 28. Bg3
Nb7 29. Nc3 Nb8 30. Rdc1 Nc6 31. Qd1 Bd6 32. Bh4 Be7 33. Bf2 Nb4 34. Bf1 a6 35.
Be2 Na5 36. Rab1 Rc6 37. Qd2 Rdc8 38. Bd1 Qd8 39. Kg2 Nb7 40. Ne2 Rxc1 41. Rxc1
Rxc1 42. Nxc1 a5 43. Ne2 Nd6 44. Bg3 Ne8 45. Nc3 Bd6 46. Bf2 Bb8 47. e4 dxe4 48.
fxe4 e5 49. d5 Na6 50. Qe2 Nc5 51. Bc2 Bd6 52. Nb1 Nd7 53. Nd2 Bc5 54. Bg3 g5
55. Bd3 Nd6 56. Bb5 f6 57. Bxd7 Qxd7 58. Nc4 Kg7 59. Kf3 h5 60. Be1 hxg4+ 61.
hxg4 Nf7 62. Bd2 Nh6 63. Kg3 b5 64. Nxa5 bxa4 65. b4 Bf8 66. Nc6 a3 67. Bc3 a2
68. Kf2 Nxg4+ 69. Ke1 Nh6 70. Qxa2 Qh3 71. Qa7+ Kg6 72. Kd2 Qg2+ 73. Kc1 Qxe4
74. Qa8 Kg7 75. Nd8 Be7 76. Ne6+ Kf7 77. Nc7 Nf5 78. Qe8+ Kg7 79. Kb2 Bxb4 80.
Ne6+ Kh6 81. Qh8+ Kg6 82. Qe8+ 1/2-1/2

[Event "FIDE World Cup 2023"]
[Site "Baku AZE"]
[Date "2023.07.31"]
[Round "1.2"]
[White "Gumularz, Szymon"]
[Black "Janik, Igor"]
[Result "1/2-1/2"]
[WhiteTitle "GM"]
[BlackTitle "GM"]
[WhiteElo "2577"]
[BlackElo "2548"]
[WhiteFideId "1188062"]
[BlackFideId "1159259"]
[EventDate "2023.07.30"]
[EventType "k.o."]

1. e4 e5 2. Nf3 Nc6 3. Bb5 a6 4. Ba4 Nf6 5. d3 b5 6. Bb3 Bc5 7. c3 d6 8. Bg5 h6
9. Bh4 Qe7 10. Nbd2 Rb8 11. a4 Bb6 12. axb5 axb5 13. O-O g5 14. Bg3 O-O 15. Re1
Be6 16. Bc2 Bg4 17. h3 Bh5 18. Nf1 Nd7 19. Bh2 Qf6 20. g4 Bg6 21. Ne3 Bxe3 22.
fxe3 Qe7 23. Nd2 Ra8 24. Qf3 Nc5 25. b4 Nd7 26. Bb3 Nb6 27. Nf1 Kh7 28. Ng3 f6
29. Nf5 Qd7 30. h4 Rxa1 31. Rxa1 gxh4 32. Qh3 Ne7 33. Qxh4 Nxf5 34. exf5 Be8 35.
Kf2 Kg7 36. e4 Qc6 37. Rc1 Qa8 38. Rg1 Qd8 39. Ke1 Rh8 40. Rg2 Bf7 41. Bd1 Na4
42. Kd2 1/2-1/2